How do you burp in space? : (Record no. 359824)
[ view plain ]
| 000 -LEADER | |
|---|---|
| fixed length control field | 00729nam a2200265Ia 4500 |
| 008 - FIXED-LENGTH DATA ELEMENTS--GENERAL INFORMATION | |
| fixed length control field | 181129s9999 xx 000 0 und d |
| 020 ## - INTERNATIONAL STANDARD BOOK NUMBER | |
| International Standard Book Number | 9780545639101 |
| 050 ## - LIBRARY OF CONGRESS CALL NUMBER | |
| Item number | G653 2013 |
| 100 ## - MAIN ENTRY--PERSONAL NAME | |
| Personal name | Goodman, Susan F. |
| 245 #0 - TITLE STATEMENT | |
| Title | How do you burp in space? : |
| 245 #4 - TITLE STATEMENT | |
| Remainder of title | and othe tips every space tourist needs to know / |
| 245 #0 - TITLE STATEMENT | |
| Statement of responsibility, etc | by Susan E. Goodman ; illustrated by Michael Slack. |
| 260 ## - PUBLICATION, DISTRIBUTION, ETC. (IMPRINT) | |
| Place of publication, distribution, etc | New York, NY : |
| 260 ## - PUBLICATION, DISTRIBUTION, ETC. (IMPRINT) | |
| Name of publisher, distributor, etc | Scholastic, |
| 260 ## - PUBLICATION, DISTRIBUTION, ETC. (IMPRINT) | |
| Date of publication, distribution, etc | 2013 |
| 300 ## - PHYSICAL DESCRIPTION | |
| Extent | 71 pages : |
| 300 ## - PHYSICAL DESCRIPTION | |
| Other physical details | color illustrations ; |
| 300 ## - PHYSICAL DESCRIPTION | |
| Dimensions | 22cm. |
| 500 ## - GENERAL NOTE | |
| General note | 830L |
| 650 ## - SUBJECT ADDED ENTRY--TOPICAL TERM | |
| Topical term or geographic name as entry element | Interplanetary voyages. |
| 650 ## - SUBJECT ADDED ENTRY--TOPICAL TERM | |
| Topical term or geographic name as entry element | Manned space flight. |
| 650 ## - SUBJECT ADDED ENTRY--TOPICAL TERM | |
| Topical term or geographic name as entry element | Space tourism. |
| 700 ## - ADDED ENTRY--PERSONAL NAME | |
| Personal name | Slack, Michael. |
| 700 ## - ADDED ENTRY--PERSONAL NAME | |
| Personal name | Title. |
| Withdrawn status | Lost status | Damaged status | Home library | Current library | Shelving location | Date acquired | Total Checkouts | Full call number | Barcode | Date last seen | Price effective from | Koha item type |
|---|---|---|---|---|---|---|---|---|---|---|---|---|
| Stonyhurst Southville International School (Malarayat) | Stonyhurst Southville International School (Malarayat) | 11/29/2018 | LEX G653 2013 | SSISM5618 | 11/29/2018 | 11/29/2018 | Lexile |